01016na a2200265 450000100060000000300080000600500170001400800410003102000150007203500100008704000250009708200260012209000250014824500900017326000990026330000190036260000670038160000500044860000470049860000540054570000160059994200130061595201070062899900150073514320MIRAKIL20181213154925.0160826b tu 000 0  a9751608538 a14320 aMilasbturcTR-AnCHP aATA 923.156bM87 1997 aATA 923.156 M87 1997 aMustafa Kemal Atatürkb1881-1981cAlmanca'dan çevirenler G. Aytaç...[ve öte.] aAnkarabAtatürk Kültür Dil ve Tarih Yüksek Kurumu Atatürk Araştırma Merkezic1997 a188 s.c23 sm. aAtatürk, Mustafa Kemald1881-1938xYabancı bilim insanları aAtatürk, Mustafa Kemald1881-1938xEğitim aAtatürk, Mustafa Kemald1881-1938xBilim aAtatürk, Mustafa Kemald1881-1938xToplantılar aAytaç, G. 2dcccBKS a0001b0001d2016-08-26e2l0oATA 923.156 M87 1997p002176r2016-08-26 00:00:00v0.00w2016-08-26yBKS c3228d3228